00689nab a2200217 uc450000100070000000500170000700800410002403500110006503500210007604000130009704100080011010000260011824501030014465000230024765000130027065000180028365000160030165000190031770000350033677301000037150083120240201131736.0990819e19990201 spa  a500831 a(OCoLC)819804100 ccomduadb aspa10aLuxton, Sam4auteaut10aDiseño optimo de los sistemas de aire acondicionado : hacia un planteamiento integral, 2a. parte aAire acondicionado aDiseño aFlujo de aire aSerpentines aDeshumectacion10aMarshallsay, Patrick4auteaut0 tFrio, Calor, Aire Acondicionado (Madrid)gNo. 301, Feb. 1999, p. 57-63w95781x0210-0665092498